ਪੰਜਾਬੀ ਕਹਾਣੀ ਕੋਸ਼ (Record no. 109645)
[ view plain ]
| 000 -LEADER | |
|---|---|
| fixed length control field | 01015nam a22002417a 4500 |
| 005 - DATE AND TIME OF LATEST TRANSACTION | |
| control field | 20170123164140.0 |
| 010 ## - LIBRARY OF CONGRESS CONTROL NUMBER | |
| LC control number | A-978191 |
| 020 ## - INTERNATIONAL STANDARD BOOK NUMBER | |
| Terms of availability | 300.00 |
| 035 ## - SYSTEM CONTROL NUMBER | |
| System control number | A-978191 |
| 037 ## - SOURCE OF ACQUISITION | |
| Source of stock number/acquisition | Cen Lib / Ret |
| 040 ## - CATALOGING SOURCE | |
| Original cataloging agency | DPL |
| Language of cataloging | PN |
| 082 ## - DEWEY DECIMAL CLASSIFICATION NUMBER | |
| Classification number | ਕ |
| Item number | ਭੁੱਲਰ |
| 245 ## - TITLE STATEMENT | |
| Title | ਪੰਜਾਬੀ ਕਹਾਣੀ ਕੋਸ਼ |
| Remainder of title | ਇਕੋਤਰ ਸੌ ਪੰਜਾਬੀ ਕਹਾਣੀਆਂ |
| Statement of responsibility, etc | ਸੰਪਾਦਕ ਗੁਰਬਚਨ ਸਿੰਘ ਭੁੱਲਰ |
| 260 ## - PUBLICATION, DISTRIBUTION, ETC. (IMPRINT) | |
| Place of publication, distribution, etc | ਚੰਡੀਗੜ |
| Name of publisher, distributor, etc | ਪੰਜਾਬੀ ਸਾਹਿਤ ਅਕਾਦਮੀ |
| 270 ## - ADDRESS | |
| Address | ਕਲਾ ਭਵਨ , ਰੋਜ਼ ਗਾਰਡਨ , ਸੌਕਟਰ 16, |
| City | ਚੰਡੀਗੜ |
| 300 ## - PHYSICAL DESCRIPTION | |
| Extent | xxiv, 568p. |
| Other physical details | 24cm(Hb) |
| 650 ## - SUBJECT ADDED ENTRY--TOPICAL TERM | |
| Topical term or geographic name as entry element | ਪੰਜਾਬੀ ਸਾਹਿਤ |
| 9 (RLIN) | 114578 |
| 650 ## - SUBJECT ADDED ENTRY--TOPICAL TERM | |
| Topical term or geographic name as entry element | ਪੰਜਾਬੀ ਕਹਾਣੀਆਂ |
| 9 (RLIN) | 114579 |
| 650 ## - SUBJECT ADDED ENTRY--TOPICAL TERM | |
| Topical term or geographic name as entry element | Punjabi Literature |
| 9 (RLIN) | 781 |
| 650 ## - SUBJECT ADDED ENTRY--TOPICAL TERM | |
| Topical term or geographic name as entry element | Punjabi Stories |
| 9 (RLIN) | 6279 |
| 700 ## - ADDED ENTRY--PERSONAL NAME | |
| Personal name | ਭੁੱਲਰ, ਗੁਰਬਚਨ ਸਿੰਘ |
| 9 (RLIN) | 114580 |
| 942 ## - ADDED ENTRY ELEMENTS (KOHA) | |
| Source of classification or shelving scheme | Dewey Decimal Classification |
| Koha item type | Punjabi Bks |
| Classification part | ਕ |
| Call number suffix | ਭੁੱਲਰ |
| Withdrawn status | Lost status | Damaged status | Not for loan | Home library | Current library | Date acquired | Source of acquisition | Cost, normal purchase price | Total Checkouts | Full call number | Barcode | Date last seen | Copy number | Cost, replacement price | Price effective from | Koha item type |
|---|---|---|---|---|---|---|---|---|---|---|---|---|---|---|---|---|
| Central Library | Central Library | 05/06/2015 | Cen Lib / Ret | 300.00 | ਕ ਭੁੱਲਰ | A-978191 | 05/06/2015 | 1 | 300.00 | 15/09/2016 | Punjabi Bks |
